Carta de suelos de la República Argentina hoja 3560-9, Chacabuco /

Guardado en:
Autor Corporativo: Instituto Nacional de Tecnología Agropecuaria (Argentina). Centro de Investigación de Recursos Naturales.
Formato: Mapa
Idioma:Undetermined
Publicado: Buenos Aires : INTA, 1980.
Materias:
Etiquetas: Agregar Etiqueta
Sin Etiquetas, Sea el primero en etiquetar este registro!
LEADER 00898nem a22001695a 4500
001 EEA.libagro010182
005 20190510111813.0
008 141015s1980####ag########a#####1###und#d
082 0 4 |a 631.4782 
110 2 |a Instituto Nacional de Tecnología Agropecuaria (Argentina).  |b Centro de Investigación de Recursos Naturales. 
245 1 0 |a Carta de suelos de la República Argentina  |h [material cartográfico] :  |b hoja 3560-9, Chacabuco /  |c Instituto Nacional de Tecnología Agropecuaria, [Centro de Investigación de Recursos Naturales, Unidad de Reconocimiento de Suelos]. 
255 |a Escala 1:50.000 
260 |a Buenos Aires :  |b INTA,  |c 1980. 
300 |a 65 p. :  |b il. ;  |c 28 cm. +  |e 4 fotocartas pleg. en sobre. 
505 0 |a Hoja 3560-9-1 Berdier -- Hoja 3560-9-2 Gahan -- Hoja 3560-9-3 Chacabuco -- Hoja 3560-9-4 Rawson. 
651 7 |a Argentina 
859 |a AR-BbBCA  |b BIB. AGRONOMIA  |h 631.4782  |i A691 3560-9  |p 1988/1119